Théorie des Graphes: journées internationales d'étude

Guardat en:
Dades bibliogràfiques
Format: Llibre
Idioma:francès
anglès
Publicat: París Dunod 1967
Matèries:
Etiquetes: Afegir etiqueta
Sense etiquetes, Sigues el primer a etiquetar aquest registre!

MARC

LEADER 00000nam a2200000 a 4500
001 UCQ9639
003 CL-VaPUC
008 990112e19670000FR |||||||||||||||||fre|d
041 0 7 |a fre  |2 CL-VaPUC 
041 0 7 |a eng  |2 CL-VaPUC 
082 0 4 |a 511.5  |b THE  |2 21 
245 1 0 |a Théorie des Graphes: journées internationales d'étude 
246 1 0 |a Theory of graphs: international symposium 
300 |a 416 p 
942 |c BK 
945 |d 19990112 00:00:00  |a crobeson 
260 |a París  |b Dunod  |c 1967 
650 0 |a Teoría de grafos  |9 269886 
650 0 |a Análisis combinatorio   |9 269849 
650 0 |a Análisis de redes  |9 260875 
650 0 |a Árboles  |x Matemáticas   |9 423324 
650 7 |a GRAFICAS TOPOLOGICAS  |2 CL-VaPUC  |9 360504 
650 7 |a RECUPERACION DE DATOS5RELACIONES MATEMATICAS  |2 CL-VaPUC  |9 424314 
650 7 |a RETICULOS MATEMATICAS  |2 CL-VaPUC  |9 424315 
650 0 |a Teoría de conjuntos   |9 265668 
650 0 |a Teoría de la comunicación   |9 260752 
583 |a last modification  |c 19990112 00:00:00  |k Rodrigo Vera 
999 |c 278627  |d 278625 
952 |0 0  |1 0  |4 0  |6 511_500000000000000_THE_1967  |7 0  |8 A  |9 317274  |a BIBMAT  |b BIBMAT  |d 2019-11-20  |i 1319140  |o 511.5 THE 1967  |p 1319140  |r 2025-01-07  |w 2019-11-20  |y BK  |k MAT